Sunshine : (Record no. 7972)
[ view plain ]
| 000 -LEADER | |
|---|---|
| fixed length control field | 00652nam a22002177a 4500 |
| 003 - CONTROL NUMBER IDENTIFIER | |
| control field | OSt |
| 005 - DATE AND TIME OF LATEST TRANSACTION | |
| control field | 20140310181958.0 |
| 008 - FIXED-LENGTH DATA ELEMENTS--GENERAL INFORMATION | |
| fixed length control field | 130727t xxu||||| |||| 00| 0 eng d |
| 020 ## - INTERNATIONAL STANDARD BOOK NUMBER | |
| International Standard Book Number | 9711340941 |
| 050 ## - LIBRARY OF CONGRESS CALL NUMBER | |
| Classification number | T 351 |
| Item number | .Ar744 1990 |
| 082 ## - DEWEY DECIMAL CLASSIFICATION NUMBER | |
| Classification number | FIL 741.2 |
| Item number | Ar6 1990 |
| 100 ## - MAIN ENTRY--PERSONAL NAME | |
| Personal name | Arnau, Lou B. |
| 245 ## - TITLE STATEMENT | |
| Title | Sunshine : |
| Remainder of title | a journey through the world of arts. |
| Statement of responsibility, etc | Lou B.Arnau |
| 260 ## - PUBLICATION, DISTRIBUTION, ETC. (IMPRINT) | |
| Place of publication, distribution, etc | Metro Manila : |
| Name of publisher, distributor, etc | Bookmark, |
| Date of publication, distribution, etc | c1990. |
| 300 ## - PHYSICAL DESCRIPTION | |
| Extent | 72p. : |
| Other physical details | ill (col.) ; |
| 520 ## - SUMMARY, ETC. | |
| Summary, etc | 1. Drawing (Art appreciation). 2. Painting (Art appreciation). 3. Sketching (Art appreciation). |
| 562 ## - COPY AND VERSION IDENTIFICATION NOTE | |
| Number of copies | 1 |
| 942 ## - ADDED ENTRY ELEMENTS (KOHA) | |
| Source of classification or shelving scheme | Library of Congress Classification |
| Koha item type | Books |
| Withdrawn status | Lost status | Source of classification or shelving scheme | Damaged status | Home library | Current library | Shelving location | Date acquired | Total Checkouts | Full call number | Barcode | Date last seen | Copy number | Price effective from | Koha item type |
|---|---|---|---|---|---|---|---|---|---|---|---|---|---|---|
| Library of Congress Classification | Luxembourg Library | Luxembourg Library | Filipiniana Section | 07/27/2013 | T 351 .Ar744 1990 | 11961 | 05/25/2015 | 1 | 07/27/2013 | Books | ||||
| Library of Congress Classification | Luxembourg Library | Luxembourg Library | Filipiniana Section | 07/27/2013 | T 351 .Ar744 1990 | 11960 | 05/25/2015 | 1 | 07/27/2013 | Books |